00621nam a22002057a 450000500170000001000130001702000100003003500130004003700160005304000120006908200160008110000220009724500350011926000360015427000600019030000200025050000510027065000440032165000500036520170124110051.0 aA-345889 c40.00 aA-345889 bCen Lib/Ret aDPLbEN a812.08bVEN aVenkatachalam, V. aBhāsa /cby V. Venkatachalam aNew DelhibSahitya Akademc1986 bNew DelhiaRabindra Bhawan, 35, ferozshah Roade110001 a191p.c21cm(Hb) aIncludes bibliographical references and index  aBhāsa -- Criticism and interpretation aBhāsa -- Criticism -- and -- interpretation